000 00295nam a2200133Ia 4500
100 _aGehani & Parikh
650 _aChemistry
942 _cBK
654 _aChemistry
245 _aInorganic Chemistry Inter Science II
260 _bA.R. Seth &co
_c2001
082 _a546
546 _aENGLISH
999 _c33030
_d33030